Theorizing the Present : (Record no. 195157)

MARC details
000 -LEADER
fixed length control field 00726nam a22002057a 4500
005 - DATE AND TIME OF LATEST TRANSACTION
control field 20230310121046.0
010 ## - LCCN (DPL NO)
LC control number ENG-136257
020 ## - INTERNATIONAL STANDARD BOOK NUMBER
Terms of availability 695.00
International Standard Book Number 9780198071631
035 ## - SYSTEM CONTROL NUMBER
System control number EN-119789
037 ## - SOURCE OF ACQUISITION
Source of stock number/acquisition DBAD/PUB
082 ## - DEWEY DECIMAL CLASSIFICATION NUMBER
Classification number 330.954
245 ## - TITLE STATEMENT
Title Theorizing the Present :
Remainder of title Essays For Pratha Chatterjee/
Statement of responsibility, etc Ed. By Anjan Ghosh , Tapati Guha-Thakurta and Janaki Nair
260 ## - PUBLICATION, DISTRIBUTION, ETC. (IMPRINT)
Place of publication, distribution, etc New Delhi
Name of publisher, distributor, etc Oxford University Press
Date of publication, distribution, etc 2011
270 ## - ADDRESS
Address Oxford University Press YMCA Library Building, Jai Singh Road
City New Delhi
Postal code 110020
300 ## - PHYSICAL DESCRIPTION
Extent 322p.
Dimensions 23cm(hbk)
Other physical details Contributors
500 ## - GENERAL NOTE
General note Volume 1 Ancient
700 ## - ADDED ENTRY--PERSONAL NAME
Personal name Ed. By Tapati Guha- Thakurta
700 ## - ADDED ENTRY--PERSONAL NAME
Personal name By Janaki Nair
942 ## - ADDED ENTRY ELEMENTS (KOHA)
Source of classification or shelving scheme Dewey Decimal Classification
Item type English Books
Classification part 330.954
Call number suffix THE
Holdings
Withdrawn status Lost status Not for loan Collection code Home library Current library Date acquired Source of acquisition Cost, normal purchase price Full call number Barcode Copy number Cost, replacement price Koha item type
      Non-fiction Katevara Katevara 23/02/2023 DBAD/PUB 695.00 330.954 THE EN-119789 1 695.00 English Books

© Delhi Public Library
Hit Counter
free hit counter